000 00753nam a2200289Ia 4500
005 20260324120257.0
008 008 260324s9999 xx 000 0 eng d
020 _a9781003444817
037 _aEBOOK
040 _aCRL
040 _beng
040 _cCRL
041 _2eng
041 _aeng
084 _qCRL
100 _aMilton D. Cox; Susan T. Dennison; Susan L. Phillips
_91157929
245 0 _aFaculty Mentoring
245 2 _bA Practical Manual for Mentors, Mentees, Administrators, and Faculty Developers
260 _bTaylor and Francis
260 _c2015
365 _a
365 _b230
856 _uhttp://www.taylorfrancis.com/books/9781003444817
942 _cEBOOK
999 _c1749382
_d1749382